Geometry Dash : Top 150 Hardest Demons - Statistics

General Stats
  • This quiz has been taken 9 times
  • The average score is 26 of 150
Answer Stats
Publisher Level % Correct
Ryamu Acheron
100%
PockeWindfish Avernus
100%
Luqualizer Silent Club
100%
TheRealSailent Silent Clubstep
100%
Diamond Sakupen Circles
75%
IcedCave Slaughterhouse
75%
Sunix Sonic Wave
75%
Bianox Zodiac
75%
Exen Abyss Of Darkness
50%
MaxFS Arcturus
50%
EndLevel Cognition
50%
TrueOmega Crimson Planet
50%
Trick Firework
50%
Komp Hard Machine
50%
Demishio Kyouki
50%
MindCap Limbo
50%
StarkyTheSalad Lotus Flower
50%
Jenkins GD Neutra
50%
BTLisp PooCubed
50%
NikroPlays Renevant
50%
APTeamOfficial Sonic Wave Infinity
50%
Serponge Sonic Wave Rebirth
50%
Dolphy Tartarus
50%
BoBoBoBoBoBoBo The Golden
50%
SyQual Trueffet
50%
Trusta Yatagarasu
50%
EndLevel Aerial Gleam
25%
Knobbelboy Bloodlust
25%
Walroose Calculator Core
25%
Cersia Cersia Difficult
25%
Cersia Cersia Madness
25%
Varse Citra
25%
Para Cold Sweat
25%
Presta Congregation
25%
Zeniux Critical Heat
25%
Viprin Cybernetic Crescent
25%
TeamSmokeWeed Delebit Oblivio
25%
CDMusic Edge Of Destiny
25%
Kiseta Edge Of The Blade
25%
BoldStep Erebus
25%
EndLevel Fragile
25%
Npesta Kenos
25%
ItsHybrid Keres
25%
Teno Kuzureta
25%
LordVaderCraft Mayhem
25%
CDMusic MinusDry
25%
SrGuillester Nhelv
25%
Dice88 Oblivion
25%
Viprin Ouroboros
25%
EndLevel Promethean
25%
Knobbelboy Ragnarok
25%
Acute Random Access Memory
25%
DreamLight Ryft
25%
KugelBlitz Sary Never Clear
25%
Renn241 Shmarley Ville
25%
Yuko Shukketsu
25%
Wahffle Sinister Silence
25%
Mbed The Art Of The Blade
25%
SyQual The Hallucination
25%
Dorami The Yandere
25%
Atomic Thinking Space
25%
NineDice Unknown
25%
Nisha Verdant Landscape
25%
Renn241 Walter White
25%
KrmaL XO
25%
Votchi Akashic Records
0%
Eridani Akira
0%
EndLevel Aquatic Auroras
0%
MetalFace221 Arctic Lights
0%
Exen Aronia
0%
Exen Asterios
0%
Lieb Atomic Cannon
0%
RobotChief BRKMGB8GJCZ
0%
Awedsy Calamity
0%
Renn241 Chroma Finale
0%
DreamZoneGD Controller
0%
APTeamOfficial Cosmic Cyclone
0%
Royen Dedohexdragon
0%
EndLevel Deimos
0%
GrenadeOfTacos Descent Into Exile
0%
Ryli06 Directions
0%
GiggsRH Dump
0%
L4tezk Edge Of The World
0%
Swib Ellipsism
0%
SyQual Esfera
0%
RainStorm Eternal Moment
0%
Cersia Fragmented
0%
TrueParadoxTeam Frozen Cave
0%
MindCap Gamma
0%
Pennutoh Generic Wave
0%
GDZenmuron Golden Club
0%
Nightning Goner
0%
Nindy Gracefully
0%
Renn241 Gustavo Fring
0%
ViRuZ Hyper Paracosm
0%
IcedCave Icotact
0%
Flukester Infinite Iniquity
0%
AirSwipe Iris Of A Puppeteer
0%
Renn241 Jesse Pinkman
0%
Armadeus Kappa
0%
HangerLord Knights Of Thunder
0%
Gablor Kowareta
0%
Moffe Launchpad Labyrinth
0%
Nerhy Loochiverse
0%
CairoX Lucid Nightmares
0%
Hechie Lumina
0%
ZephiroX Macabre
0%
ImMaxX1 Memories
0%
Nimbus Mirrored Calamity
0%
Galaxxyss Misfire
0%
Janucha Molten Core
0%
Knobbelboy Molten Gear
0%
TGI Necromancer
0%
Recillia Neon Skyline
0%
TheParadoxTeam No Jokes
0%
Szilu Nunri
0%
Renn241 Of Ambrosia
0%
MindCap Omega
0%
Platnuu Omega Interface
0%
Demishio Ourwa
0%
Seturan Pagoda
0%
ZeoStar Plasma Pulse Finale
0%
GhostVandalf Qoueo
0%
HeroZombie80 Quantum Theory
0%
nSwish Rage
0%
Zylenox Requiem
0%
Rose Rosedynamix
0%
Neigefeu Rust
0%
Surjaco Ruthless
0%
Zeptrus Sazerix
0%
RainStorm Sephiroth
0%
Kiba Shardscapes
0%
OliSW Shutdown
0%
MindCap Sigma
0%
Awedsy Sink
0%
Eclipsed Spacial Rend
0%
MzeroGD Sparkling
0%
Temp Spectrum Cyclone
0%
Nimbus Storming Summit
0%
IcedCave SuperHateMeWorld
0%
Zeniux Szyslak
0%
VulgarisAerae Terminux
0%
TheLasaga The Hell Nutz
0%
Ka1ns The Rupture
0%
TCTeam Titan Complex
0%
Para Untitled Unmastered
0%
KrampuX Visible Ray
0%
Helpegasus Wasureta
0%
Demishio Widestep
0%
Mulpan X0
0%
No matching quizzes found
Score Distribution
Percent of People with Each Score
Percentile by Number Answered
Your Score History
You have not taken this quiz